| 000 | 00363nam a2200145Ia 4500 | ||
|---|---|---|---|
| 008 | 240624s9999 xx 000 0 und d | ||
| 041 | _aeng | ||
| 082 | _a344.01 DAT | ||
| 100 | _aDATEY V S | ||
| 245 | _aECONOMIC LABOUR AND INDUSTRIAL LAWS WITH | ||
| 250 | _a(9th ed.) | ||
| 260 |
_c2005 _aNew Delhi _bTaxman |
||
| 300 | _axv, : 560 : p. : cm. ; 24 | ||
| 365 | _cRS | ||
| 999 |
_c2612 _d2612 |
||